[Event "Challenge"]
[Site "http://www.queenalice.com/game.php?id=1633882"]
[Date "2020.11.22"]
[Round "-"]
[White "lrschenk"]
[Black "Lintz"]
[Result "1-0"]
[WhiteElo "1758"]
[BlackElo "1886"]

1. e4 e5 2. Nf3 Qe7 3. Na3 d6 4. Nc4 b5 5. Na5 a6 6. c4 c6 7. b4 Nf6 8. Qc2 g6
9. cxb5 cxb5 10. Nc6 Qb7 11. Na5 Qb6 12. Qxc8+ Qd8 13. Qb7 Nbd7 14. Qc6 Qc8 15.
Qxc8+ 1-0

[Event "Challenge"]
[Site "http://www.queenalice.com/game.php?id=1634066"]
[Date "2020.11.24"]
[Round "-"]
[White "Lintz"]
[Black "lrschenk"]
[Result "1-0"]
[WhiteElo "1849"]
[BlackElo "1779"]

1. e4 e5 2. Nf3 Bc5 3. Nc3 c6 4. d4 exd4 5. Nxd4 Qf6 6. Be3 Nh6 7. h3 O-O 8. Qd2
Re8 9. O-O-O b5 10. Bxh6 gxh6 11. Nf5 Kf8 12. f3 b4 13. Na4 Bb6 14. Qd6+ Qxd6
15. Nxd6 Be3+ 16. Kb1 Re5 17. Nxc8 Ra5 18. b3 Na6 19. Bxa6 Rxa6 20. Nd6 Ra5 21.
Nc4 1-0

[Event "Challenge"]
[Site "http://www.queenalice.com/game.php?id=1634185"]
[Date "2020.11.25"]
[Round "-"]
[White "Reddaz"]
[Black "lrschenk"]
[Result "1-0"]
[WhiteElo "1889"]
[BlackElo "1755"]

1. d4 d5 2. c4 dxc4 3. e3 e5 4. Bxc4 exd4 5. exd4 Bb4+ 6. Nc3 Bxc3+ 7. bxc3 Qe7+
8. Be3 Qa3 9. Ne2 Bf5 10. O-O Nf6 11. Bc1 Qa5 12. Qb3 b6 13. Bxf7+ Ke7 14. Ba3+
c5 15. dxc5 Nbd7 16. c6+ Nc5 17. Nd4 Kd8 18. Bxc5 Qxc5 19. Rad1 Kc7 20. Ne6+
Bxe6 21. Bxe6 Qxc6 22. Bh3 Rhf8 23. Rfe1 Rad8 24. Re7+ Kb8 25. Rxd8+ Rxd8 26.
Rxg7 Qe4 27. g3 Qe1+ 28. Bf1 Ne4 29. Qf7 Nd6 30. Qxa7+ 1-0

[Event "Jogo 03 "]
[Site "http://www.queenalice.com/game.php?id=1634299"]
[Date "2020.11.26"]
[Round "-"]
[White "Lintz"]
[Black "lrschenk"]
[Result "1-0"]
[WhiteElo "1844"]
[BlackElo "1753"]

1. e4 e5 2. Nf3 d5 3. exd5 Qxd5 4. c4 Qe4+ 5. Be2 Bg4 6. O-O Bh3 7. gxh3 Qg6+ 8.
Kh1 Qc6 9. d3 Nd7 10. Rg1 Bc5 11. Bf1 f6 12. Qe1 Qxf3+ 13. Rg2 O-O-O 14. Nd2
Qxh3 15. Rxg7 Nh6 16. Bxh3 1-0

[Event "Jogo 05"]
[Site "http://www.queenalice.com/game.php?id=1634806"]
[Date "2020.11.30"]
[Round "-"]
[White "Lintz"]
[Black "lrschenk"]
[Result "0-1"]
[WhiteElo "1851"]
[BlackElo "1741"]

1. d4 d5 2. c4 dxc4 3. e4 e5 4. d5 b5 5. a3 f5 6. Nc3 b4 7. axb4 c6 8. Bxc4 Bxb4
9. Nf3 Nf6 10. O-O fxe4 11. Nxe5 Qd6 12. Bf4 Qe7 13. d6 Bxd6 14. Nf7 Bxf4 15.
Nxh8 Bxh2+ 16. Kxh2 Ng4+ 17. Kg1 Qh4 18. Bf7+ Ke7 19. Re1 Qxf2+ 20. Kh1 Qh4+ 21.
Kg1 Qh2+ 22. Kf1 Qh1+ 23. Ke2 Qxg2# 0-1

[Event "Jogo 06"]
[Site "http://www.queenalice.com/game.php?id=1634807"]
[Date "2020.11.30"]
[Round "-"]
[White "lrschenk"]
[Black "Lintz"]
[Result "0-1"]
[WhiteElo "1761"]
[BlackElo "1797"]

1. e4 e5 2. Nf3 Nf6 3. Bc4 Nxe4 4. Nxe5 d5 5. Qf3 Nf6 6. Bb3 Be6 7. c4 Bc5 8.
Nc3 c6 9. cxd5 cxd5 10. Ba4+ Nbd7 11. h3 O-O 12. Qf4 Bd6 13. d4 Qc7 14. Nb5 Bb4+
15. Ke2 Qb8 16. Qh4 Nxe5 17. Bg5 Ned7 18. Bh6 gxh6 19. Qxh6 Kh8 20. g4 Rg8 21.
Bc2 Qf8 22. Qe3 Bxg4+ 23. hxg4 Re8 24. Kf3 Rxe3+ 25. fxe3 a6 26. Bf5 axb5 27.
Rag1 Rg5 28. a3 Bd6 29. Bxd7 Nxd7 0-1

[Event "Challenge"]
[Site "http://www.queenalice.com/game.php?id=1636563"]
[Date "2020.12.15"]
[Round "-"]
[White "carpio1969"]
[Black "lrschenk"]
[Result "0-1"]
[WhiteElo "1667"]
[BlackElo "1742"]

1. e4 Nf6 2. Nc3 d5 3. d4 e5 4. Nf3 dxe4 5. Nxe5 Nc6 6. Nxf7 Kxf7 7. Bc4+ Ke8 8.
Nd5 Nxd5 9. Qh5+ g6 10. Qe2 Nf6 11. Bg5 Qxd4 12. Bxf6 Qxf6 13. Qxe4+ Qe5 14. Bd3
Qxe4+ 15. Bxe4 Ne5 16. O-O-O c6 17. Rhe1 Be6 18. Bf3 Bg7 19. Rd6 Ke7 20. Red1
Nc4 21. R6d4 Bxd4 22. Rxd4 Nd6 23. b3 Nb5 24. Re4 Nc3 25. Rf4 Bd5 26. Kb2 Bxf3
27. Rxf3 Nd5 28. Rd3 Rad8 29. c4 Nf6 30. Re3+ Kf7 31. f3 Rd2+ 32. Ka3 Re8 33.
Rxe8 Kxe8 34. g4 Rxh2 35. g5 Nd7 36. f4 Rf2 0-1

[Event "SaricBlake"]
[Site "http://www.queenalice.com/game.php?id=1637121"]
[Date "2020.12.20"]
[Round "-"]
[White "SaricBlake"]
[Black "lrschenk"]
[Result "1-0"]
[WhiteElo "2009"]
[BlackElo "1748"]

1. e4 Nf6 2. Nc3 e5 3. g3 Nc6 4. Bg2 Nd4 5. Nf3 Bc5 6. Nxe5 Qe7 7. Nd3 b5 8.
Nxc5 Qxc5 9. O-O d6 10. h3 b4 11. e5 Qxe5 12. Re1 1-0

[Event "Challenge"]
[Site "http://www.queenalice.com/game.php?id=1637409"]
[Date "2020.12.23"]
[Round "-"]
[White "lrschenk"]
[Black "SaricBlake"]
[Result "1/2-1/2"]
[WhiteElo "1744"]
[BlackElo "2015"]

1. e4 e5 2. Bc4 Nf6 3. d3 c6 4. Nf3 d5 5. exd5 cxd5 6. Bb5+ Bd7 7. Bxd7+ Nbxd7
8. O-O Bd6 9. c4 O-O 10. cxd5 Nb6 11. Nc3 Nbxd5 12. Nxd5 Nxd5 13. Bg5 Nf6 14.
Qb3 h6 15. Bxf6 Qxf6 16. Qxb7 Rab8 17. Qxa7 Rxb2 18. Rfb1 Rxb1+ 19. Rxb1 Qg6 20.
Qe3 Re8 21. Nh4 Qh5 22. Qe4 g6 23. g3 Qg5 24. Qd5 Rd8 25. Rb7 Qc1+ 26. Kg2 Bc7
27. Qb3 Qc6+ 28. Kg1 Qc1+ 29. Kg2 Qc6+ 30. Kg1 Qc1+ 31. Kg2 Qc6+ 32. Kg1 1/2-1/2

[Event "Challenge"]
[Site "http://www.queenalice.com/game.php?id=1638789"]
[Date "2021.1.4"]
[Round "-"]
[White "pariolinius"]
[Black "lrschenk"]
[Result "1/2-1/2"]
[WhiteElo "1974"]
[BlackElo "1755"]

1. d4 d5 2. Bf4 e6 3. Nf3 Be7 4. c3 g5 5. Bg3 g4 6. Ne5 f5 7. e3 Bd7 8. Qb3 Bc8
9. Bb5+ c6 10. Bd3 Nd7 11. Nd2 Nxe5 12. Bxe5 Bf6 13. Bf4 h5 14. O-O-O Be7 15. f3
Nf6 16. Be5 Rg8 17. f4 Nd7 18. Nf1 c5 19. Qc2 c4 20. Be2 Qa5 21. Kb1 Nb6 22. Nd2
Bd7 23. h3 Rc8 24. hxg4 Qa4 25. g5 Qxc2+ 26. Kxc2 Na4 27. Bxh5+ Kf8 28. g6 b5
29. g7+ Rxg7 30. Bxg7+ Kxg7 31. Bf3 b4 32. Rh3 bxc3 33. Rg3+ Kf8 34. Rh1 Bf6 35.
bxc3 Rb8 36. Rb1 Nb6 37. Rb2 a5 38. Rg6 Ke7 39. g4 Bh4 40. g5 Ba4+ 41. Kc1 Kd6
42. Nf1 Be1 43. Nd2 Bd7 44. Kd1 Bxd2 45. Rxd2 Na4 46. Rc2 Nb2+ 47. Kc1 Nd3+ 48.
Kd2 Ba4 49. Rh6 Bxc2 50. Kxc2 Ne1+ 51. Kd1 Nxf3 52. g6 Rg8 53. Ke2 Nh4 54. Rxh4
Rxg6 55. Kf2 Rg8 56. Rh2 Rb8 57. Kf3 Rb1 58. Rc2 a4 59. Ke2 a3 60. Kd2 Ra1 61.
Ke2 Kc6 62. Kf2 Kb5 63. Kf3 Rb1 64. Kf2 Rb2 65. Re2 Kc6 66. Kf3 Rb1 67. Rc2 Rb2
68. Re2 Rb1 1/2-1/2

[Event "Challenge"]
[Site "http://www.queenalice.com/game.php?id=1639556"]
[Date "2021.1.11"]
[Round "-"]
[White "lrschenk"]
[Black "Reddaz"]
[Result "0-1"]
[WhiteElo "1764"]
[BlackElo "1960"]

1. e4 c5 2. c4 Nc6 3. Qh5 d6 4. Nf3 Nf6 5. Qh4 Nb4 6. Na3 Bg4 7. Ng5 h6 8. Be2
Bxe2 9. Kxe2 e6 10. Qh3 Be7 11. d3 O-O 12. Nf3 d5 13. Rd1 Kh7 14. g4 dxe4 15.
dxe4 Qb6 16. e5 Ne4 17. g5 Rfd8 18. Rg1 Nd3 19. gxh6 g6 20. Qg2 Nf4+ 21. Bxf4
Qxb2+ 22. Ke3 Qxa3+ 23. Ke2 Qd3+ 24. Ke1 Qxc4 25. Ng5+ Bxg5 26. Bxg5 Nxg5 27.
Qxg5 Qc3+ 28. Ke2 Qb2+ 0-1

[Event "Challenge"]
[Site "http://www.queenalice.com/game.php?id=1646456"]
[Date "2021.3.12"]
[Round "-"]
[White "Eggchaser"]
[Black "lrschenk"]
[Result "0-1"]
[WhiteElo "1947"]
[BlackElo "1764"]

1. Nf3 d5 2. c4 dxc4 3. e3 Bg4 4. Bxc4 Bxf3 5. Qxf3 Nh6 6. Qxb7 Nd7 7. Nc3 Qb8
8. Qc6 e6 9. Nb5 Bd6 10. Nxd6+ cxd6 11. Bb5 Qc8 12. Qxc8+ Rxc8 13. b3 Ke7 14.
Bxd7 Kxd7 15. Bb2 f6 16. Ke2 Rc2 17. Bc3 Ng4 18. f3 Rc8 19. fxg4 R8xc3 0-1

[Event "Challenge"]
[Site "http://www.queenalice.com/game.php?id=1646862"]
[Date "2021.3.16"]
[Round "-"]
[White "lrschenk"]
[Black "chessman"]
[Result "0-1"]
[WhiteElo "1787"]
[BlackElo "1775"]

1. e4 e6 2. e5 d5 3. d4 c5 4. b3 Nc6 5. Bb5 Bd7 6. Bxc6 Bxc6 7. Nf3 cxd4 8. Qxd4
Ne7 9. g4 Ng6 10. g5 Be7 11. h4 Qb6 12. Qxb6 axb6 13. h5 Nf8 14. h6 gxh6 15.
Rxh6 Ng6 16. a4 Bf8 17. Rh5 Bg7 18. Bb2 h6 19. Nbd2 Kd7 20. c4 hxg5 21. Rxh8
Rxh8 22. O-O-O g4 23. Ng5 Ke8 24. cxd5 Bxd5 25. Nc4 Bxc4 26. bxc4 Bxe5 27. Bxe5
Nxe5 28. Rd4 Rh1+ 29. Kb2 Rf1 30. Ne4 f5 31. Nd6+ Ke7 32. Rd2 Rxf2 33. Nc8+ Kf6
34. Kc2 Rxd2+ 0-1

[Event "Challenge"]
[Site "http://www.queenalice.com/game.php?id=1646886"]
[Date "2021.3.17"]
[Round "-"]
[White "lrschenk"]
[Black "pariolinius"]
[Result "1/2-1/2"]
[WhiteElo "1760"]
[BlackElo "1853"]

1. e4 e5 2. Qh5 Nc6 3. Nf3 Nf6 4. Qg5 d6 5. Bb5 Bd7 6. d3 h6 7. Qd2 Be7 8. Nc3
a6 9. Bxc6 Bxc6 10. g4 Nxg4 11. Rg1 Qd7 12. h3 Nf6 13. Rxg7 Nh5 14. Rg1 O-O-O
15. Qe3 Nf4 16. Qa7 b6 17. Qxa6+ Bb7 18. Qa7 c6 19. Qxb6 Qc7 20. Qxc7+ Kxc7 21.
Bxf4 exf4 22. Rg4 Bg5 23. h4 f5 24. exf5 Bf6 25. Rxf4 Rde8+ 26. Kf1 Rhg8 27. d4
d5 28. Ng1 Ba6+ 29. Nge2 Kd6 30. b4 Bc4 31. a4 h5 32. b5 Rb8 33. Ke1 Rg2 34. Kf1
Rh2 35. Kg1 Rxh4 36. Rxh4 Bxh4 37. Nf4 Rg8+ 38. Ng6 Bf6 39. Rd1 h4 40. b6 h3 41.
Kh2 Ba6 42. a5 Re8 43. Kxh3 Bc8 44. Kg4 Ba6 45. Rb1 Bxd4 46. Na4 Bxf2 47. b7 Rb8
48. f6 Be2+ 49. Kh3 Bh5 50. f7 Bxg6 51. f8=Q+ Rxf8 52. b8=Q+ Rxb8 53. Rxb8 Bxc2
54. Nc3 Be1 55. a6 Bf2 56. Rb2 Bf5+ 57. Kg2 Ba7 58. Rb7 Bd4 59. Rb4 Ba7 60. Rb7
Bd4 61. Rb4 Ba7 62. Rb7 1/2-1/2

[Event "Challenge"]
[Site "http://www.queenalice.com/game.php?id=1646909"]
[Date "2021.3.17"]
[Round "-"]
[White "Lintz"]
[Black "lrschenk"]
[Result "0-1"]
[WhiteElo "1784"]
[BlackElo "1771"]

1. e4 e5 2. Nf3 Nc6 3. Bc4 Nh6 4. d4 Bd6 5. Bxh6 gxh6 6. g3 Na5 7. Bf1 Qf6 8.
Bg2 Nc4 9. b3 Bb4+ 10. c3 Ba3 11. bxc4 Bb2 12. Nbd2 Bxc3 13. Rb1 Qa6 14. O-O
Qxa2 15. Nb3 d6 16. dxe5 dxe5 17. Nfd2 f5 18. Qh5+ Kd8 19. Qd1 f4 20. Re1 Qa6
21. Bf1 Qg6 22. g4 Bxg4 23. Nf3+ Ke8 24. Kh1 Bxe1 25. Nxe5 Qxe4+ 26. Bg2 Qxg2+
27. Kxg2 Bxd1 28. Rxd1 Bc3 29. Nf3 Rg8+ 30. Kh3 Rd8 31. Rc1 Rd3 32. Nd4 Bxd4 0-1

[Event "Challenge"]
[Site "http://www.queenalice.com/game.php?id=1646910"]
[Date "2021.3.17"]
[Round "-"]
[White "lrschenk"]
[Black "Lintz"]
[Result "1-0"]
[WhiteElo "1788"]
[BlackElo "1767"]

1. e4 e5 2. Nf3 Qe7 3. d3 g6 4. Nc3 c6 5. Be2 Bg7 6. Be3 d6 7. Qd2 Nf6 8. Bg5
Be6 9. Bxf6 Qxf6 10. d4 exd4 11. Nd1 c5 12. Ng5 Bd7 13. Bc4 O-O 14. h4 h5 15. f4
Qe7 16. Bd5 Bc6 17. Bxc6 Nxc6 18. Nf2 b5 19. O-O-O a5 20. Qd3 c4 21. Qf3 Qd7 22.
Qh3 Qxh3 23. Rxh3 b4 24. e5 dxe5 25. fxe5 Bxe5 26. Nf3 Bf4+ 27. Kb1 Rad8 28. Ne4
Rfe8 29. Nf6+ Kg7 30. Nxe8+ Rxe8 31. Rhh1 Re2 32. Nxd4 Ne5 33. Nxe2 1-0

[Event "Jogo 03"]
[Site "http://www.queenalice.com/game.php?id=1650085"]
[Date "2021.4.19"]
[Round "-"]
[White "Lintz"]
[Black "lrschenk"]
[Result "0-1"]
[WhiteElo "1760"]
[BlackElo "1818"]

1. e4 e5 2. Nf3 d6 3. Bc4 Nh6 4. Nc3 g5 5. g3 g4 6. Nh4 Nc6 7. Bf1 Nd4 8. d3
Nf3+ 9. Nxf3 gxf3 10. Qxf3 Bg4 11. Qg2 Qd7 12. Bg5 Rg8 13. h4 f6 14. Be3 b5 15.
a3 c6 16. Be2 Bxe2 17. Nxe2 Ng4 18. Bd2 f5 19. f3 Nf6 20. Qh3 f4 21. gxf4 Qxh3
22. Rxh3 exf4 23. Bxf4 d5 24. Rg3 Bg7 25. O-O-O Nh5 26. Rh3 Nxf4 27. Rh2 Nxe2+
28. Rxe2 O-O-O 29. e5 Bh6+ 30. Kb1 Rg3 31. Rf1 d4 32. f4 Kd7 33. f5 Re3 34. e6+
Ke7 35. Ref2 Kf6 36. Rg2 Bf8 37. h5 Bd6 38. h6 Rh3 39. Re2 Rxh6 40. Rg2 Rh5 41.
Rgf2 Rg8 42. Kc1 Rgg5 43. Rf3 Rxf5 44. Rxf5+ Rxf5 0-1

[Event "Jogo 04"]
[Site "http://www.queenalice.com/game.php?id=1650086"]
[Date "2021.4.19"]
[Round "-"]
[White "lrschenk"]
[Black "Lintz"]
[Result "1-0"]
[WhiteElo "1803"]
[BlackElo "1775"]

1. e4 e5 2. d4 exd4 3. Qxd4 Nc6 4. Qd1 Nf6 5. Bd3 d6 6. Bb5 Bd7 7. Nc3 a6 8. Bd3
Be6 9. Bd2 Ne5 10. Be2 b5 11. Bg5 Be7 12. Bxf6 Bxf6 13. f4 Nc6 14. e5 dxe5 15.
Qxd8+ Bxd8 16. Bf3 Bd7 17. fxe5 Rb8 18. Bd5 Nxe5 19. Nf3 Ng6 20. h4 h6 21. h5
Nf4 22. Ne5 Nxd5 23. Nxd5 Be6 24. O-O-O c5 25. Nc6 Bg5+ 26. Kb1 Rc8 27. Na7 Rd8
28. Nc7+ Kf8 29. Nxe6+ fxe6 30. Rhf1+ Kg8 31. Nc6 Bf6 32. Nxd8 e5 33. Ne6 c4 34.
Nc7 Rh7 35. Nxa6 Rh8 36. c3 Kh7 37. Rxf6 gxf6 38. Rd7+ Kg8 39. Nc7 Rh7 40. Rxh7
Kxh7 41. Nxb5 Kg7 42. Nd6 Kf8 43. a4 1-0

[Event "05"]
[Site "http://www.queenalice.com/game.php?id=1758417"]
[Date "2021.5.4"]
[Round "-"]
[White "Lintz"]
[Black "lrschenk"]
[Result "1-0"]
[WhiteElo "1688"]
[BlackElo "1832"]

1. e4 e5 2. Nf3 Nc6 3. Bb5 Nd4 4. Nxd4 Qg5 5. Nf3 Qf6 6. Be2 Nh6 7. d3 Bc5 8. h3
Qb6 9. O-O Ng8 10. Nxe5 f6 11. Nf3 a5 12. a4 Qc6 13. d4 Bf8 14. Bd3 g5 15. Nxg5
fxg5 16. Bxg5 h6 17. Qh5+ 1-0

[Event "06"]
[Site "http://www.queenalice.com/game.php?id=1758418"]
[Date "2021.5.4"]
[Round "-"]
[White "lrschenk"]
[Black "Lintz"]
[Result "0-1"]
[WhiteElo "1810"]
[BlackElo "1742"]

1. e4 e5 2. Nf3 Qe7 3. Bc4 g6 4. b3 Bg7 5. Nc3 c6 6. a4 a5 7. Ba3 d6 8. d4 Bg4
9. Qd3 Qc7 10. Ng5 Nh6 11. h3 Bc8 12. O-O O-O 13. f4 exf4 14. Rxf4 Kh8 15. Bxd6
Qxd6 16. Nxf7+ Nxf7 17. Rxf7 Rxf7 18. Bxf7 Be6 19. Bxe6 Qxe6 20. d5 Qd6 21. Re1
Qc5+ 22. Re3 Bd4 23. Nd1 Na6 24. c3 Bxe3+ 25. Nxe3 cxd5 26. exd5 Rd8 27. Qe4 Qf8
28. c4 b6 29. Ng4 Nc5 30. Qe5+ Qg7 31. Qc7 Qxc7 32. Nh6 Rf8 33. Nf7+ Rxf7 0-1

[Event "Jogo 07"]
[Site "http://www.queenalice.com/game.php?id=1759088"]
[Date "2021.5.10"]
[Round "-"]
[White "Lintz"]
[Black "lrschenk"]
[Result "1-0"]
[WhiteElo "1791"]
[BlackElo "1791"]

1. e4 e5 2. Nf3 f6 3. Bc4 Ne7 4. Nc3 d6 5. d4 exd4 6. Nxd4 c6 7. a4 Nd7 8. Ne6
Qa5 9. Bd2 Nc5 10. Nd5 cxd5 11. Bxa5 Bxe6 12. Bxd5 Ng6 13. Bxe6 Nxe6 14. Bb4 Rd8
15. O-O Ne5 16. f4 Nc4 17. Qe2 Nxb2 18. Qb5+ Rd7 19. Ba3 Nxa4 20. Qxa4 a6 21.
Rad1 Kd8 22. Qa5+ Nc7 23. c4 Kc8 24. e5 f5 25. Bxd6 Ne6 26. c5 g5 27. Bxf8 Rxd1
28. Rxd1 Rxf8 29. c6 Rd8 30. cxb7+ Kb8 31. Rxd8+ Nxd8 32. Qxd8+ 1-0

[Event "Jogo 08"]
[Site "http://www.queenalice.com/game.php?id=1759089"]
[Date "2021.5.10"]
[Round "-"]
[White "lrschenk"]
[Black "Lintz"]
[Result "0-1"]
[WhiteElo "1775"]
[BlackElo "1807"]

1. e4 c5 2. Bc4 d6 3. Qf3 e6 4. Nh3 Nf6 5. Nc3 a6 6. O-O Nc6 7. Re1 Be7 8. a3 b5
9. Be2 Nd4 10. Qd3 e5 11. Ra2 h6 12. Bf3 c4 13. Qf1 Nxc2 14. Re2 Nd4 15. Re1 Be6
16. Rd1 Qc7 17. Kh1 Bxh3 18. gxh3 Nxf3 19. d3 O-O-O 20. a4 b4 21. Nb5 axb5 22.
a5 b3 23. Ra3 d5 24. exd5 Bxa3 25. Qg2 Bf8 26. Qxf3 Rxd5 27. Be3 Qxa5 28. Qf5+
Kb7 29. Bd2 Qa8 30. dxc4 bxc4 31. Qf3 Kb8 32. Qe3 Rd3+ 33. Kg1 Rxe3 34. Bxe3 Bb4
35. h4 Nd5 0-1